[Event "DEM U12/U12w 2008"]
[Site "Willingen GER"]
[Date "2008.05.16"]
[Round "10"]
[White "Wagner, Dennis"]
[Black "Peil, Christoph"]
[Result "1-0"]
[Termination "normal"]
[Board "5"]
[WhiteElo "1943"]
[BlackElo "1680"]
[PlyCount "69"]
[WhiteFideId "24650684"]
[BlackFideId "24651800"]
[EventCountry "GER"]
[EventRounds "11"]
[EventType "swiss"]
[EventDate "2008.05.10"]

1. e4 c5 2. Nf3 Nc6 3. d4 cxd4 4. Nxd4 Nf6 5. Nc3 e5 6. Ndb5 d6 7. Bg5 a6 8.
Na3 b5 9. Nd5 Be7 10. Bxf6 Bxf6 11. c3 Ne7 12. Nc2 Be6 13. Ncb4 Nxd5 14. Nxd5
Be7 15. a4 bxa4 16. Rxa4 Rb8 17. b4 O-O 18. Rxa6 Bxd5 19. Qxd5 Qc7 20. Qd2 Rfc8
21. Ra3 Ra8 22. Rxa8 Rxa8 23. Be2 Ra1+ 24. Bd1 Ra3 25. O-O Rxc3 26. Qd5 Bf8 27.
Bb3 g6 28. h3 Kg7 29. Kh2 Qa7 30. f4 Rc7 31. f5 Qb7 32. fxg6 hxg6 33. b5 Kg8
34. b6 Rd7 35. Rxf7 1-0

[Event "DEM U12/U12w 2008"]
[Site "Willingen GER"]
[Date "2008.05.16"]
[Round "10"]
[White "Abdelrazek, Ahmed"]
[Black "Noe, Christopher"]
[Result "1/2-1/2"]
[Termination "normal"]
[Board "6"]
[WhiteElo "1673"]
[BlackElo "1877"]
[PlyCount "86"]
[BlackFideId "24692018"]
[EventCountry "GER"]
[EventRounds "11"]
[EventType "swiss"]
[EventDate "2008.05.10"]

1. d4 Nf6 2. Nf3 d5 3. e3 e6 4. Bd3 Nbd7 5. O-O c5 6. c3 Bd6 7. Nbd2 O-O 8. e4
cxd4 9. cxd4 dxe4 10. Nxe4 Nxe4 11. Bxe4 h6 12. Re1 Nf6 13. Bc2 Bd7 14. Qd3 a6
15. a4 Bb4 16. Bd2 Bxd2 17. Nxd2 Bc6 18. f3 Re8 19. Ne4 Bxe4 20. fxe4 e5 21.
Rad1 Qb6 22. Qb3 Qxb3 23. Bxb3 exd4 24. Rxd4 Re5 25. Rc1 Rae8 26. Rc7 R5e7 27.
Rxe7 Rxe7 28. Bd5 Kf8 29. e5 Nxd5 30. Rxd5 Rc7 31. Kf1 Ke7 32. Rd6 Rc1+ 33. Ke2
Rc2+ 34. Kf3 Rxb2 35. h3 Rb4 36. g4 Rxa4 37. Rb6 h5 38. Rxb7+ Ke6 39. Rb5 Ra3+
40. Ke4 Ra4+ 41. Kf3 g6 42. h4 Ra3+ 43. Kf4 Ra4+ 1/2-1/2

[Event "DEM U12/U12w 2008"]
[Site "Willingen GER"]
[Date "2008.05.16"]
[Round "10"]
[White "Gibicar, Danijel"]
[Black "Niedermayer, Julian Andi"]
[Result "1/2-1/2"]
[Termination "normal"]
[Board "7"]
[WhiteElo "1662"]
[BlackElo "1739"]
[PlyCount "132"]
[WhiteFideId "24660256"]
[BlackFideId "24600792"]
[EventCountry "GER"]
[EventRounds "11"]
[EventType "swiss"]
[EventDate "2008.05.10"]

1. d4 d5 2. Nf3 Nf6 3. e3 e6 4. Bd3 Nbd7 5. Nbd2 c5 6. c3 Be7 7. O-O O-O 8. Qe2
b6 9. e4 dxe4 10. Nxe4 Bb7 11. Rd1 Qc7 12. Bg5 Rfe8 13. Nxf6+ Bxf6 14. Be4 Bxe4
15. Qxe4 Bxg5 16. Nxg5 Nf6 17. Qe2 Rad8 18. Nf3 cxd4 19. Nxd4 Rd5 20. Rd2 Red8
21. Rad1 Qf4 22. Nf3 Rxd2 23. Rxd2 Rxd2 24. Qxd2 Qxd2 25. Nxd2 Kf8 26. Kf1 Ke7
27. Ke2 Kd6 28. f3 Nd5 29. g3 e5 30. Ne4+ Ke7 31. c4 Nc7 32. b4 f5 33. Nc3 Kd6
34. Kd3 g6 35. a3 Kc6 36. a4 Kd6 37. Nb5+ Nxb5 38. axb5 h6 39. h3 Ke6 40. c5
bxc5 41. bxc5 Kd5 42. b6 axb6 43. cxb6 Kc6 44. Kc4 Kxb6 45. Kd5 f4 46. gxf4
exf4 47. h4 Kc7 48. Ke6 g5 49. hxg5 hxg5 50. Kf5 Kd7 51. Kg4 Ke6 52. Kxg5 Ke7
53. Kf5 Kf7 54. Kxf4 Kf6 55. Ke4 Ke6 56. f4 Kf6 57. f5 Kf7 58. Ke5 Ke7 59. f6+
Kf8 60. Ke6 Ke8 61. Kd6 Kf7 62. Ke5 Kf8 63. Ke6 Ke8 64. Kd6 Kf7 65. Ke5 Kf8 66.
Ke6 Ke8 1/2-1/2

[Event "DEM U12/U12w 2008"]
[Site "Willingen GER"]
[Date "2008.05.16"]
[Round "10"]
[White "Galkin, Wladislaw"]
[Black "Schnorr, Christian"]
[Result "1-0"]
[Termination "normal"]
[Board "8"]
[WhiteElo "1969"]
[BlackElo "1650"]
[PlyCount "33"]
[WhiteFideId "4603192"]
[EventCountry "GER"]
[EventRounds "11"]
[EventType "swiss"]
[EventDate "2008.05.10"]

1. d4 Nf6 2. c4 e5 3. dxe5 Ng4 4. e4 Nxe5 5. f4 Nec6 6. Be3 Bb4+ 7. Nd2 d6 8.
Ngf3 O-O 9. Bd3 Re8 10. O-O f5 11. Bf2 fxe4 12. Bxe4 Bxd2 13. Nxd2 Qf6 14.
Bxh7+ Kf8 15. Qh5 Qxb2 16. Bg6 Rd8 17. Bh4 1-0

[Event "DEM U12/U12w 2008"]
[Site "Willingen GER"]
[Date "2008.05.16"]
[Round "10"]
[White "Carmesin, Matthias"]
[Black "Falter, Lennart"]
[Result "0-1"]
[Termination "normal"]
[Board "10"]
[WhiteElo "1641"]
[BlackElo "1587"]
[PlyCount "66"]
[WhiteFideId "4635965"]
[BlackFideId "24692077"]
[EventCountry "GER"]
[EventRounds "11"]
[EventType "swiss"]
[EventDate "2008.05.10"]

1. e4 e5 2. Nf3 Nc6 3. Bb5 a6 4. Ba4 Nf6 5. O-O Be7 6. Re1 b5 7. Bb3 O-O 8. d4
d6 9. c3 Bg4 10. d5 Na5 11. Bc2 c6 12. dxc6 Qc7 13. Nbd2 Qxc6 14. Nf1 Rfe8 15.
a4 Nc4 16. h3 Bd7 17. Ng3 Qb7 18. b3 Na5 19. axb5 axb5 20. Bb2 Bc6 21. Qd2 Bf8
22. Nh4 g6 23. Nf3 Qc7 24. Qg5 h6 25. Qd2 Bg7 26. Qe2 d5 27. exd5 Nxd5 28. c4
Nf4 29. Qf1 Bxf3 30. gxf3 bxc4 31. Be4 Rab8 32. b4 Nb3 33. Ra4 Nd2 0-1

[Event "DEM U12/U12w 2008"]
[Site "Willingen GER"]
[Date "2008.05.16"]
[Round "10"]
[White "Rührmund, Daniel"]
[Black "Voggenreiter, Simon"]
[Result "1-0"]
[Termination "normal"]
[Board "11"]
[WhiteElo "1823"]
[BlackElo "1746"]
[PlyCount "77"]
[WhiteFideId "24674583"]
[BlackFideId "24615501"]
[EventCountry "GER"]
[EventRounds "11"]
[EventType "swiss"]
[EventDate "2008.05.10"]

1. e4 e6 2. d4 d5 3. Nc3 Bb4 4. e5 c5 5. a3 Bxc3+ 6. bxc3 Ne7 7. Nf3 Qc7 8. Bd3
Nbc6 9. h4 Bd7 10. h5 c4 11. Bf1 O-O-O 12. h6 g6 13. Bg5 Rde8 14. Bf6 Qa5 15.
Qd2 Nd8 16. g4 Qc7 17. Bg2 Bc6 18. O-O Rhg8 19. Ng5 Rh8 20. Rfb1 Kb8 21. a4 Ka8
22. a5 Kb8 23. Qc1 Ka8 24. Rb2 Nc8 25. Nf3 Rhg8 26. Bg7 Ne7 27. Nd2 Kb8 28. Nb1
Nc8 29. a6 Nb6 30. axb7 Bxb7 31. Na3 Nc6 32. Nb5 Qd8 33. Bf6 Qd7 34. Rba2 a5
35. Nd6 Kc7 36. Qa3 Ra8 37. Qc5 Nc8 38. Rb1 Rb8 39. Nb5# 1-0

[Event "DEM U12/U12w 2008"]
[Site "Willingen GER"]
[Date "2008.05.16"]
[Round "10"]
[White "Carow, Johannes"]
[Black "Stahnecker, Ludwig"]
[Result "1/2-1/2"]
[Termination "normal"]
[Board "12"]
[WhiteElo "1668"]
[BlackElo "1694"]
[PlyCount "29"]
[WhiteFideId "24692050"]
[BlackFideId "24692026"]
[EventCountry "GER"]
[EventRounds "11"]
[EventType "swiss"]
[EventDate "2008.05.10"]

1. d4 Nf6 2. Nf3 e6 3. c4 b6 4. a3 Bb7 5. Nc3 d5 6. Bg5 Be7 7. e3 Nbd7 8. Bd3
O-O 9. cxd5 Nxd5 10. Bxe7 Qxe7 11. Nxd5 exd5 12. O-O c5 13. Rc1 Rac8 14. Nd2
Nf6 15. Re1 1/2-1/2

[Event "DEM U12/U12w 2008"]
[Site "Willingen GER"]
[Date "2008.05.16"]
[Round "10"]
[White "Müller, Alexandra"]
[Black "Takeuchi, Eiki"]
[Result "0-1"]
[Termination "normal"]
[Board "14"]
[WhiteElo "1532"]
[BlackElo "1778"]
[PlyCount "38"]
[WhiteFideId "24691496"]
[BlackFideId "24663751"]
[EventCountry "GER"]
[EventRounds "11"]
[EventType "swiss"]
[EventDate "2008.05.10"]

1. e4 e6 2. d4 d5 3. Nd2 Be7 4. Bd3 c5 5. c3 cxd4 6. cxd4 dxe4 7. Nxe4 Nd7 8.
Nf3 Ngf6 9. O-O O-O 10. Bf4 b6 11. Rc1 Bb7 12. Bc7 Qe8 13. Nd6 Bxd6 14. Bxd6
Nd5 15. Bxf8 Qxf8 16. Re1 Qd6 17. Ne5 N7f6 18. f3 Qb4 19. Qd2 Qxd2 0-1

[Event "DEM U12/U12w 2008"]
[Site "Willingen GER"]
[Date "2008.05.16"]
[Round "10"]
[White "Moritz, Aron"]
[Black "Kreyssig, Robert"]
[Result "1/2-1/2"]
[Termination "normal"]
[Board "15"]
[WhiteElo "1984"]
[BlackElo "1775"]
[PlyCount "104"]
[WhiteFideId "24672319"]
[BlackFideId "4662881"]
[EventCountry "GER"]
[EventRounds "11"]
[EventType "swiss"]
[EventDate "2008.05.10"]

1. e4 c5 2. Nf3 d6 3. d4 cxd4 4. Nxd4 Nf6 5. Nc3 g6 6. Be3 Bg7 7. f3 Nc6 8. Qd2
Bd7 9. O-O-O O-O 10. g4 a6 11. g5 Nh5 12. Nde2 b5 13. Ng3 Qa5 14. Nxh5 gxh5 15.
Kb1 Rfc8 16. Nd5 b4 17. Bb6 Qa4 18. Be3 Be6 19. f4 Rab8 20. Rg1 Bxb2 21. Kxb2
Qa3+ 22. Kb1 Bxd5 23. exd5 b3 24. cxb3 Rxb3+ 25. axb3 Qxb3+ 26. Ka1 Nb4 27. Bd3
Nc2+ 28. Bxc2 Rxc2 29. Qxc2 Qxc2 30. Bd4 Qa4+ 31. Kb1 Qb3+ 32. Bb2 a5 33. Rc1
Qb7 34. Rc3 h6 35. Rgc1 hxg5 36. fxg5 Qxd5 37. Rc8+ Kh7 38. Rh8+ Kg6 39. Rg8+
Kf5 40. g6 Qe4+ 41. Ka1 fxg6 42. Rf8+ Ke6 43. Rff1 Qg2 44. Rce1+ Kd7 45. Rf7
Qxh2 46. Rfxe7+ Kc6 47. R7e6 Qg3 48. R1e3 Qg4 49. R3e4 Qd1+ 50. Ka2 Qd5+ 51.
Kb1 Qd1+ 52. Ka2 Qd5+ 1/2-1/2

[Event "DEM U12/U12w 2008"]
[Site "Willingen GER"]
[Date "2008.05.16"]
[Round "10"]
[White "Kuckling, Hannah"]
[Black "Eigemann, Frederik"]
[Result "0-1"]
[Termination "normal"]
[Board "16"]
[WhiteElo "1531"]
[BlackElo "1685"]
[PlyCount "86"]
[WhiteFideId "24603660"]
[BlackFideId "24692034"]
[EventCountry "GER"]
[EventRounds "11"]
[EventType "swiss"]
[EventDate "2008.05.10"]

1. e4 e6 2. d4 d5 3. Nd2 Nf6 4. e5 Nfd7 5. Bd3 c5 6. c3 Nc6 7. Ne2 Qb6 8. Nf3
cxd4 9. cxd4 Bb4+ 10. Bd2 f6 11. exf6 Nxf6 12. O-O O-O 13. Re1 Bxd2 14. Qxd2
Bd7 15. Nf4 Rfe8 16. Rad1 Re7 17. Ng5 Rae8 18. b3 Nxd4 19. Nxh7 Nxh7 20. Bxh7+
Kxh7 21. Qd3+ Kg8 22. Ng6 Nf5 23. Qh3 Nh6 24. Nxe7+ Rxe7 25. Re3 Rf7 26. Rf1 d4
27. Rg3 Nf5 28. Rg6 Qd8 29. Rc1 Qh4 30. Qxh4 Nxh4 31. Rg4 Nf5 32. Rc7 d3 33.
Rc1 Bc6 34. Rd1 Rd7 35. Rg6 Kf7 36. Rg4 e5 37. Kf1 e4 38. Rf4 Ke6 39. Ke1 e3
40. a4 Ke5 41. Rg4 Be4 42. f3 d2+ 43. Ke2 Bd3# 0-1

[Event "DEM U12/U12w 2008"]
[Site "Willingen GER"]
[Date "2008.05.16"]
[Round "10"]
[White "Nöttling, Dominik"]
[Black "Golosnyak, Alexander"]
[Result "1-0"]
[Termination "normal"]
[Board "17"]
[WhiteElo "1728"]
[BlackElo "1479"]
[PlyCount "99"]
[WhiteFideId "24672807"]
[BlackFideId "24659703"]
[EventCountry "GER"]
[EventRounds "11"]
[EventType "swiss"]
[EventDate "2008.05.10"]

1. e4 e5 2. Bc4 Nc6 3. Nf3 Bc5 4. c3 Nf6 5. d4 exd4 6. cxd4 Bb4+ 7. Bd2 Bxd2+
8. Nbxd2 d5 9. exd5 Nxd5 10. Nb3 O-O 11. O-O Bg4 12. Be2 Re8 13. Re1 Nf4 14. h3
Bh5 15. Kh1 Rxe2 16. Rxe2 Bxf3 17. gxf3 Nxe2 18. Qxe2 Nxd4 19. Nxd4 Qxd4 20.
Re1 h6 21. Rd1 Qh4 22. Kh2 Rd8 23. Rxd8+ Qxd8 24. Qb5 Qd6+ 25. Kg2 Qc6 26. Qxc6
bxc6 27. f4 Kf8 28. Kf3 Ke7 29. Ke4 Kd6 30. Kd4 c5+ 31. Kc4 c6 32. a4 a5 33. h4
h5 34. f5 g6 35. fxg6 fxg6 36. f4 Ke6 37. Kxc5 Kf5 38. b4 axb4 39. Kxb4 Ke6 40.
Kc5 Kd7 41. a5 Kc7 42. a6 Kb8 43. Kxc6 Ka7 44. Kd7 Kxa6 45. Ke6 Kb7 46. Kf6 Kc6
47. Kxg6 Kd6 48. f5 Ke7 49. Kg7 Kd6 50. f6 1-0

[Event "DEM U12/U12w 2008"]
[Site "Willingen GER"]
[Date "2008.05.16"]
[Round "10"]
[White "Große, Christian"]
[Black "Holle, Cedric"]
[Result "1-0"]
[Termination "normal"]
[Board "18"]
[WhiteElo "1885"]
[BlackElo "1455"]
[PlyCount "109"]
[WhiteFideId "24646156"]
[BlackFideId "24692158"]
[EventCountry "GER"]
[EventRounds "11"]
[EventType "swiss"]
[EventDate "2008.05.10"]

1. e4 e5 2. Nf3 Nc6 3. d4 exd4 4. Bc4 Bc5 5. c3 Qe7 6. O-O dxc3 7. Nxc3 d6 8.
Bg5 Nf6 9. Nd5 Qd8 10. b4 Nxb4 11. Nxb4 Bxb4 12. Qa4+ Qd7 13. Qxb4 Qg4 14. e5
Ne4 15. h3 a5 16. Qe1 Qf5 17. exd6 O-O 18. Be7 Re8 19. Bd3 cxd6 20. Bxe4 Qe6
21. Bxh7+ Kh8 22. Bxd6 Qxe1 23. Rfxe1 Rxe1+ 24. Rxe1 Kxh7 25. Re8 b5 26. a3 Ra6
27. Rxc8 Rxd6 28. Ra8 a4 29. Rb8 Rd3 30. Rxb5 Rxa3 31. Ra5 Ra1+ 32. Kh2 a3 33.
Ne5 f6 34. Nc4 a2 35. Ne3 Kg6 36. Nc2 Rf1 37. Kg3 f5 38. Rxa2 Kh5 39. Ne3 f4+
40. Kxf4 g5+ 41. Kg3 Rb1 42. Ra5 Rb4 43. Ra6 Rb5 44. Ng4 Rf5 45. Nf6+ Rxf6 46.
Rxf6 g4 47. hxg4+ Kg5 48. Rf5+ Kg6 49. Kf4 Kh6 50. g5+ Kg6 51. Rf6+ Kg7 52. Kf5
Kh7 53. g6+ Kg7 54. Rf7+ Kh8 55. Kg5 1-0

[Event "DEM U12/U12w 2008"]
[Site "Willingen GER"]
[Date "2008.05.16"]
[Round "10"]
[White "Bonk, Andras"]
[Black "Pfadenhauer, Johannes"]
[Result "0-1"]
[Termination "normal"]
[Board "19"]
[WhiteElo "1473"]
[BlackElo "1654"]
[PlyCount "104"]
[WhiteFideId "24692123"]
[BlackFideId "24615269"]
[EventCountry "GER"]
[EventRounds "11"]
[EventType "swiss"]
[EventDate "2008.05.10"]

1. e4 c5 2. Nf3 d6 3. d4 cxd4 4. Nxd4 Nf6 5. Nc3 g6 6. Bc4 Bg7 7. O-O O-O 8.
Re1 Qa5 9. Bb3 Nc6 10. Nf3 Bg4 11. Bf4 Rfd8 12. h3 Bxf3 13. Qxf3 Nd4 14. Qd1
Nxb3 15. axb3 Qc7 16. Qf3 Qc6 17. Qe3 a6 18. Rac1 e6 19. Red1 d5 20. e5 Nd7 21.
Ne2 Qc7 22. c4 Qb6 23. cxd5 Qxe3 24. Bxe3 exd5 25. Rxd5 Nxe5 26. Rcd1 Nc6 27.
Rxd8+ Rxd8 28. Rxd8+ Nxd8 29. Nc3 b5 30. Nd5 a5 31. Bc1 Nc6 32. Nc3 Nd4 33. Be3
Nxb3 34. Nxb5 Bxb2 35. Bf4 a4 36. Bd6 Kg7 37. f3 Kf6 38. Kf2 Ke6 39. Ke3 Kd5
40. Ba3 Kc4 41. Nd6+ Kc3 42. Nb5+ Kc2 43. Ke4 f6 44. Kd5 Nd2 45. Ke6 Bxa3 46.
Nxa3+ Kb3 47. Nb5 Kb4 48. Nd4 f5 49. g4 Nxf3 50. Nxf3 fxg4 51. hxg4 a3 52. Nd4
a2 0-1

[Event "DEM U12/U12w 2008"]
[Site "Willingen GER"]
[Date "2008.05.16"]
[Round "10"]
[White "Schreiber, Kevin"]
[Black "Urban, Lars"]
[Result "1/2-1/2"]
[Termination "normal"]
[Board "20"]
[WhiteElo "1442"]
[BlackElo "1857"]
[PlyCount "54"]
[WhiteFideId "24655830"]
[BlackFideId "4644034"]
[EventCountry "GER"]
[EventRounds "11"]
[EventType "swiss"]
[EventDate "2008.05.10"]

1. d4 d5 2. Nf3 c6 3. Bf4 Bf5 4. e3 e6 5. c4 Nf6 6. Nc3 Be7 7. Qb3 Qb6 8. c5
Qxb3 9. axb3 Nbd7 10. b4 O-O 11. b5 Nh5 12. Bg3 Nxg3 13. hxg3 h6 14. bxc6 bxc6
15. b4 a6 16. Rxa6 Rxa6 17. Bxa6 Ra8 18. Be2 Ra1+ 19. Bd1 Bd3 20. Kd2 Be4 21.
Ne1 Nf6 22. Nc2 Bxc2 23. Kxc2 Ng4 24. Kb2 Nxf2 25. Rf1 Nxd1+ 26. Rxd1 Ra7 27.
Rb1 Bg5 1/2-1/2

[Event "DEM U12/U12w 2008"]
[Site "Willingen GER"]
[Date "2008.05.16"]
[Round "10"]
[White "Töws, Manuel"]
[Black "Gubela, Hans-Erich Constantin"]
[Result "1-0"]
[Termination "normal"]
[Board "21"]
[WhiteElo "1617"]
[BlackElo "1460"]
[PlyCount "111"]
[WhiteFideId "24654485"]
[BlackFideId "24692140"]
[EventCountry "GER"]
[EventRounds "11"]
[EventType "swiss"]
[EventDate "2008.05.10"]

1. d4 d5 2. c4 e6 3. Nc3 Nf6 4. Nf3 c5 5. e3 cxd4 6. exd4 dxc4 7. Bxc4 Bb4 8.
O-O O-O 9. Bg5 Nbd7 10. Ne4 Be7 11. Nxf6+ Bxf6 12. Bxf6 Nxf6 13. Ne5 b6 14. Ng4
Nxg4 15. Qxg4 e5 16. Qe4 Qxd4 17. Qxa8 Be6 18. Qxa7 Bxc4 19. Rfd1 Qxb2 20. Rdb1
Qd4 21. Qxb6 Qg4 22. Qb4 Qe6 23. a4 Bd5 24. Qc3 Rc8 25. Qe3 h6 26. a5 Ra8 27.
Rb6 Qg4 28. Qg3 Qd4 29. Rbb1 Qe4 30. h3 Kh7 31. Rd1 Bb7 32. Qd3 g6 33. Qxe4
Bxe4 34. Re1 f5 35. f3 Bb7 36. Rxe5 Ba6 37. Rc1 Kg7 38. Rc6 Bd3 39. Rd5 Bb1 40.
Rd7+ Kf8 41. Rcc7 g5 42. Rh7 Kg8 43. Rcg7+ Kf8 44. Rh8+ Kxg7 45. Rxa8 Ba2 46.
a6 Bd5 47. Rb8 Kf6 48. a7 Ke5 49. Rb5 Kd6 50. Rxd5+ Kxd5 51. a8=Q+ Ke5 52. Qc6
h5 53. Qg6 g4 54. hxg4 hxg4 55. fxg4 f4 56. Kf2 1-0

[Event "DEM U12/U12w 2008"]
[Site "Willingen GER"]
[Date "2008.05.16"]
[Round "10"]
[White "Schmalhorst, Sophia"]
[Black "Neef, Maximilian"]
[Result "0-1"]
[Termination "normal"]
[Board "22"]
[WhiteElo "1317"]
[BlackElo "1580"]
[PlyCount "74"]
[WhiteFideId "24682497"]
[BlackFideId "24692085"]
[EventCountry "GER"]
[EventRounds "11"]
[EventType "swiss"]
[EventDate "2008.05.10"]

1. e4 e6 2. Nf3 d5 3. Nc3 Nf6 4. e5 Nfd7 5. d4 c5 6. dxc5 Nc6 7. Bf4 Bxc5 8.
Bd3 Qb6 9. O-O Qxb2 10. Nb5 O-O 11. Bd2 d4 12. Qe2 a6 13. Rfb1 Qxb1+ 14. Rxb1
axb5 15. Bxb5 Rxa2 16. Bf4 Nb4 17. Bd3 f5 18. h3 Nb6 19. Qd1 N6d5 20. Bd2 Nxd3
21. cxd3 Nc3 22. Bxc3 dxc3 23. Rc1 Bxf2+ 24. Kh1 Ra3 25. d4 Rd8 26. Qd3 Bg3 27.
Qe3 h6 28. Rxc3 Ra5 29. Qc1 Bd7 30. Rd3 Rd5 31. Qe3 Ra8 32. Ne1 Bxe1 33. Qxe1
Bc6 34. Kh2 Ra2 35. Rd2 Rda5 36. Qe2 Bd5 37. Rxa2 Rxa2 0-1

[Event "DEM U12/U12w 2008"]
[Site "Willingen GER"]
[Date "2008.05.16"]
[Round "10"]
[White "Powierski, Emil"]
[Black "Hansch, Karsten"]
[Result "1/2-1/2"]
[Termination "normal"]
[Board "23"]
[WhiteElo "1564"]
[BlackElo "1370"]
[PlyCount "112"]
[WhiteFideId "4656199"]
[BlackFideId "24692239"]
[EventCountry "GER"]
[EventRounds "11"]
[EventType "swiss"]
[EventDate "2008.05.10"]

1. e4 c5 2. Nf3 d6 3. d4 cxd4 4. Nxd4 Nf6 5. Nc3 a6 6. f3 e5 7. Nb3 Be6 8. Be3
Be7 9. Qd2 O-O 10. O-O-O Qc7 11. g4 Rc8 12. g5 Nh5 13. Nd5 Bxd5 14. exd5 Nd7
15. Bh3 a5 16. Kb1 a4 17. Nc1 g6 18. Bg4 Ng7 19. h4 a3 20. b3 Qc3 21. Qxc3 Rxc3
22. Rd3 Rxd3 23. Nxd3 f5 24. Bh3 Bd8 25. c4 Bb6 26. Re1 Bxe3 27. Rxe3 Nc5 28.
Nxc5 dxc5 29. Rxe5 Re8 30. Rxe8+ Nxe8 31. Kc2 Nd6 32. Kc3 Kf7 33. b4 cxb4+ 34.
Kxb4 b6 35. Bf1 Ke7 36. Kxa3 Kd7 37. Kb4 Nb7 38. Kc3 Kd6 39. Kd4 Nc5 40. Be2
Ke7 41. Bd1 Kd6 42. Bb3 Ke7 43. Bc2 Kd6 44. Bd3 Nb7 45. Bf1 Nc5 46. Bg2 Ke7 47.
Bf1 Kd6 48. Bd3 Ke7 49. Bb1 Kd6 50. Bc2 Ke7 51. Kc3 Kd6 52. Kb4 Kc7 53. Ba4
Na6+ 54. Kc3 Kd6 55. Kd4 Nc5 56. Bc2 Ke7 1/2-1/2

[Event "DEM U12/U12w 2008"]
[Site "Willingen GER"]
[Date "2008.05.16"]
[Round "10"]
[White "Zimmermann, Christian"]
[Black "Rahimi, Rozafa"]
[Result "1-0"]
[Termination "normal"]
[Board "24"]
[WhiteElo "1645"]
[BlackElo "1297"]
[PlyCount "53"]
[WhiteFideId "24692069"]
[BlackFideId "24692280"]
[EventCountry "GER"]
[EventRounds "11"]
[EventType "swiss"]
[EventDate "2008.05.10"]

1. e4 d5 2. exd5 Qxd5 3. Nc3 Qa5 4. d4 c6 5. Bc4 Bf5 6. Nf3 e6 7. Qe2 Be7 8.
Bf4 Nd7 9. O-O-O Ngf6 10. Rhe1 Nh5 11. Bd2 Qc7 12. d5 Nb6 13. dxe6 fxe6 14.
Bxe6 Bxe6 15. Qxe6 Rf8 16. Bg5 Nf6 17. Re3 Nfd5 18. Bxe7 Qxe7 19. Qxe7+ Nxe7
20. Rde1 Nbc8 21. R1e2 h6 22. Nd4 Kd7 23. Ne6 Rf7 24. Rd3+ Nd6 25. Ne4 Nec8 26.
N4c5+ Ke7 27. Nc7+ 1-0

[Event "DEM U12/U12w 2008"]
[Site "Willingen GER"]
[Date "2008.05.16"]
[Round "10"]
[White "Ewert, Paul"]
[Black "Schoepe, Tobias"]
[Result "1/2-1/2"]
[Termination "normal"]
[Board "25"]
[WhiteElo "1329"]
[BlackElo "1550"]
[PlyCount "49"]
[BlackFideId "24692107"]
[EventCountry "GER"]
[EventRounds "11"]
[EventType "swiss"]
[EventDate "2008.05.10"]

1. e4 e5 2. Nf3 Nc6 3. d4 exd4 4. Nxd4 Bc5 5. Nb3 Bb6 6. Nc3 Nge7 7. a4 a6 8.
Bd3 O-O 9. O-O d6 10. Bf4 Ng6 11. Bg3 Be6 12. Nd2 Nce5 13. Kh1 Nxd3 14. cxd3
Ne5 15. Qe2 Nc6 16. f4 Nd4 17. Qd1 f6 18. Nf3 Bg4 19. Nd5 Ba7 20. Qb1 Nxf3 21.
gxf3 Be6 22. Nc3 Kh8 23. Bf2 Bxf2 24. Rxf2 d5 25. Rg2 1/2-1/2

[Event "DEM U12/U12w 2008"]
[Site "Willingen GER"]
[Date "2008.05.16"]
[Round "10"]
[White "Berger, Nadja"]
[Black "Schuhmacher, Jakob"]
[Result "0-1"]
[Termination "normal"]
[Board "26"]
[WhiteElo "1380"]
[BlackElo "1657"]
[PlyCount "70"]
[WhiteFideId "24692212"]
[BlackFideId "4612787"]
[EventCountry "GER"]
[EventRounds "11"]
[EventType "swiss"]
[EventDate "2008.05.10"]

1. e4 e6 2. Qe2 c5 3. c3 Nc6 4. Nf3 Nf6 5. d4 cxd4 6. cxd4 d5 7. e5 Nd7 8. Nc3
Be7 9. g3 O-O 10. Bg2 f6 11. O-O fxe5 12. dxe5 a6 13. Re1 b5 14. h4 Qc7 15. Bh3
Nc5 16. Nh2 b4 17. Nd1 Ne4 18. Bf4 Bxh4 19. Qg4 Bd8 20. f3 Nc5 21. Nf2 Qf7 22.
Bg5 Bb6 23. Qf4 Qxf4 24. Bxf4 Nd3 25. Re2 Nxf2 26. Rxf2 Bxf2+ 27. Kxf2 Bd7 28.
Rc1 Rac8 29. Ng4 h5 30. Ne3 Nxe5 31. Rxc8 Nd3+ 32. Ke2 Nxf4+ 33. gxf4 Rxc8 34.
f5 Kf7 35. fxe6+ Bxe6 0-1

[Event "DEM U12/U12w 2008"]
[Site "Willingen GER"]
[Date "2008.05.16"]
[Round "10"]
[White "Greif, Gavin"]
[Black "Knopf, Felix"]
[Result "1-0"]
[Termination "normal"]
[Board "27"]
[WhiteElo "1268"]
[BlackElo "1412"]
[PlyCount "109"]
[WhiteFideId "24662429"]
[BlackFideId "24692204"]
[EventCountry "GER"]
[EventRounds "11"]
[EventType "swiss"]
[EventDate "2008.05.10"]

1. e4 c5 2. c3 Nf6 3. e5 Nd5 4. d4 cxd4 5. Nf3 Nc6 6. cxd4 d6 7. Bc4 e6 8. O-O
Be7 9. Re1 O-O 10. a3 Bd7 11. b4 a6 12. Bb2 Rc8 13. Bd3 Qb6 14. Nc3 Nxc3 15.
Bxc3 Nxe5 16. Nxe5 dxe5 17. Bb2 exd4 18. Bxd4 Qd8 19. Qh5 g6 20. Qe5 f6 21. Qg3
Kg7 22. Be3 f5 23. h4 Bxh4 24. Qh3 f4 25. Bc5 Be7 26. Bd4+ Bf6 27. Bc5 Rxc5 28.
bxc5 Bxa1 29. Rxa1 Qa5 30. Rb1 Bc8 31. Be4 Rf7 32. c6 bxc6 33. Bxc6 Qc5 34. Bf3
e5 35. Qh4 Qxa3 36. Rb8 Bf5 37. Qd8 Qc1+ 38. Kh2 Qc7 39. Qg8+ Kh6 40. Ra8 a5
41. Bd5 Rg7 42. Qf8 e4 43. Rb8 Qe7 44. Qh8 Qh4+ 45. Kg1 Rc7 46. Qf8+ Kh5 47.
Rb1 e3 48. Bf3+ Bg4 49. Rb5+ g5 50. Qe8+ Kh6 51. Rb6+ Kg7 52. Qe5+ Kf8 53. Rb8+
Rc8 54. Qf6+ Ke8 55. Bc6+ 1-0

[Event "DEM U12/U12w 2008"]
[Site "Willingen GER"]
[Date "2008.05.16"]
[Round "10"]
[White "Viereck, Marten"]
[Black "Höpfner, Tim"]
[Result "0-1"]
[Termination "normal"]
[Board "28"]
[WhiteElo "1414"]
[BlackElo "1766"]
[PlyCount "112"]
[WhiteFideId "24692190"]
[BlackFideId "4638310"]
[EventCountry "GER"]
[EventRounds "11"]
[EventType "swiss"]
[EventDate "2008.05.10"]

1. d4 Nf6 2. c4 g6 3. Nc3 Bg7 4. e4 d6 5. Nf3 O-O 6. Be2 e5 7. Be3 Ng4 8. Qd3
Nxe3 9. Qxe3 Nc6 10. d5 Nd4 11. Rc1 f5 12. Nd2 f4 13. Qd3 Nxe2 14. Qxe2 Kh8 15.
b4 a6 16. Nb3 Bh6 17. f3 g5 18. h3 Qe8 19. c5 Bd7 20. Na5 Rb8 21. Qc2 Qh5 22.
Kd2 Rfc8 23. a4 Bf8 24. c6 bxc6 25. dxc6 Be6 26. Nb7 Qf7 27. Rb1 Re8 28. b5
axb5 29. Rxb5 Bc4 30. Ra5 Ra8 31. Rb1 d5 32. Rxd5 Bxd5 33. Nxd5 Ra6 34. a5 Qg6
35. Rc1 Re6 36. Nd8 Rd6 37. Qc4 Rxd8 38. Qxa6 Qd6 39. Qd3 Ra8 40. a6 Qa3 41.
Qxa3 Bxa3 42. Nxc7 Bxc1+ 43. Kxc1 Ra7 44. Nb5 Rxa6 45. c7 Rc6+ 46. Kb2 Kg7 47.
Kb3 Kf6 48. Nc3 Ke6 49. Nd5 Kd7 50. Kb4 Rc2 51. Kb5 Rxg2 52. Kb6 Rb2+ 53. Kc5
h6 54. Kc4 Rf2 55. Kb5 Rxf3 56. Ka6 Rb3 0-1